मौत की दस्तक बार-बार: (Record no. 38176)

MARC details
000 -LEADER
fixed length control field 01197nam a22002537a 4500
005 - DATE AND TIME OF LATEST TRANSACTION
control field 20100729120116.0
010 ## - LCCN (DPL NO)
LC control number HIN-89887
020 ## - INTERNATIONAL STANDARD BOOK NUMBER
Terms of availability 190.00
International Standard Book Number 9788190440608
035 ## - SYSTEM CONTROL NUMBER
System control number HN-62233
037 ## - SOURCE OF ACQUISITION
Source of stock number/acquisition DBAD / PUB
082 ## - DEWEY DECIMAL CLASSIFICATION NUMBER
Classification number
100 ## - MAIN ENTRY--PERSONAL NAME
Personal name प्रसाद
245 ## - TITLE STATEMENT
Title मौत की दस्तक बार-बार:
Statement of responsibility, etc प्रसाद
Remainder of title एक कैंसर मरीजा की आप बीती /
246 ## - VARYING FORM OF TITLE
Title proper/short title Maut Ki Dastak Bar-Bar
Remainder of title by Prasad
260 ## - PUBLICATION, DISTRIBUTION, ETC. (IMPRINT)
Place of publication, distribution, etc दिल्ली
Name of publisher, distributor, etc प्रखर पब्लिशर्स
Date of publication, distribution, etc 2009
270 ## - ADDRESS
Address 2005, गली राजा उग्रसेन, सीताराम बाजार
City दिल्ली
Postal code 110006
Telephone number 011-23861151, 09810303048
300 ## - PHYSICAL DESCRIPTION
Extent 162पृ.
Dimensions 22सेमी (सजिल्द)
650 ## - SUBJECT ADDED ENTRY--TOPICAL TERM
Topical term following geographic name as entry element हिन्दी कथा साहित्य
650 ## - SUBJECT ADDED ENTRY--TOPICAL TERM
Topical term following geographic name as entry element हिन्दी कथा साहित्य
650 ## - SUBJECT ADDED ENTRY--TOPICAL TERM
Topical term or geographic name as entry element Hindi Fiction
700 ## - ADDED ENTRY--PERSONAL NAME
9 (RLIN) 2325
942 ## - ADDED ENTRY ELEMENTS (KOHA)
Source of classification or shelving scheme Dewey Decimal Classification
Item type Hindi Books
Classification part
Call number suffix प्रसाद
Holdings
Withdrawn status Lost status Not for loan Collection code Home library Current library Date acquired Source of acquisition Cost, normal purchase price Full call number Barcode Copy number Cost, replacement price Koha item type
    Not For Loan Fiction D.B.Act.Division D.B.Act.Division 29/07/2010 DBAD / PUB 190.00 उ प्रसाद HN-62233 1 190.00 Hindi Books

© Delhi Public Library
Hit Counter
free hit counter